• 首页
  • 本馆介绍
  • 公告通知
  • 最新文献
  • 馆藏检索
  • 电子资源
  • 读者导购
  • 参考咨询
  • 我的图书馆
  • 登录
  • 详细信息显示
  • 放入我的书架
  • 预约/预借图书
  • 作者相关作品
  • 分类相关作品
  • 丛书相关作品
  • 出版社相关作品

书目信息

  • 表格格式
  • 工作单格式
  • 卡片格式
题名:
“三创”教育论
    
 
作者: 赵志军 著
分册:  
出版信息: 长春   吉林人民出版社  2016
页数: 355页
开本: 21cm
丛书名:
单 册:
中图分类: G40-012
科图分类:
主题词: 创造教育--研究--中国
电子资源:
ISBN: 978-7-206-13529-3
000 00925nam0 2200241 450
001 012001002948
005 20131031174221.0
010    @a978-7-206-13529-3@dCNY32.00
100    @a20190731d2016 em y0chiy50 ea
101 0  @achi
102    @aCN@b220000
105    @ay z 000yy
106    @ar
200 1  @a“三创”教育论@9“ san chuang ” jiao yu lun@f赵志军著
210    @a长春@c吉林人民出版社@d2016
215    @a355页@d21cm
300    @a全国教育科学规划项目研究成果 项目名称:创新、创业与创优教育的系统化构建实施策略研究
330    @a本书共分11章,内容包括:“三创”教育的理论探索:“三创”教育理论的形成与发展;“三创”教育体系化:教育研究与实践的重要使命;“三创”教育的基础:创新教育的扎实推进;“三创”教育的重点:创业教育的有效实施等。
606 0  @a创造教育@x研究@y中国
690    @aG40-012@v5
701  0 @a赵志军@9zhao zhi jun@4著
801  0 @aCN@b江苏凤凰@c20191020
905    @b1231326-9@dG40-012@e1043@f4
    
    “三创”教育论/赵志军著.-长春:吉林人民出版社,2016
    355页;21cm
    全国教育科学规划项目研究成果 项目名称:创新、创业与创优教育的系统化构建实施策略研究
    
    ISBN 978-7-206-13529-3:CNY32.00
    本书共分11章,内容包括:“三创”教育的理论探索:“三创”教育理论的形成与发展;“三创”教育体系化:教育研究与实践的重要使命;“三创”教育的基础:创新教育的扎实推进;“三创”教育的重点:创业教育的有效实施等。
●
相关链接 在E读中查询图书 在五车中查询图书 在当当中查询图书 在豆瓣中查询图书


正题名:"三创"教育论     索取号:G40-012/1043         预约/预借

序号 登录号 条形码 馆藏地/架位号 状态 备注
1 1231326   212313263   第一样本阅览室/ [索取号:G40-012/1043] 在馆    
2 1231327   212313272   教育系资料室/ [索取号:G40-012/1043] 在馆    
3 1231328   212313281   教育系资料室/ [索取号:G40-012/1043] 在馆    
4 1231329   212313290   第四借阅区/ [索取号:G40-012/1043] 在馆    
唐山师范学院图书馆 欢迎您!
大连网信软件有限公司© 版权所有